000 00629nam a22002297a 4500
001 000052521
003 DO-SdBNP
005 20160525142739.0
008 160525b2006 nyu xxu||||| |||| 00| 0 spa d
020 _a0439848733
040 _aBPMSU
_bspa
_cBPMSU
092 _axxxxx
_bxxxxx
100 1 _aWasserman, Robin
245 1 0 _aMeltdown /
_cadapted by Robin Wasserman.
260 _aNew York :
_bScholastic,
_c2006.
300 _a107 p. :
_3il. ;
_620 cm.
490 1 _aUnfabulous!
500 _aFicción, Público juvenil
830 _pUnfabulous
942 _2ddc
_cBK
956 _2LOPEREZ
_310
_620160525
_8BPMSU
_a00041
999 _c10222
_d10222